Christian Music - Statistics

General Stats
  • This quiz has been taken 101 times
  • The average score is 9 of 15
Answer Stats
Question Answer % Correct
"Battle Belongs" Phil Wickham
94%
"Love Broke Thru" Toby Mac
74%
"At The Cross" Chris Tomlin
71%
"Hills And Valleys" Tauren Wells
71%
"Rescue Story" Zach Williams
69%
"Flawless" MercyMe
60%
"Walking Free" Micah Tyler
57%
"Different" Micah Tyler
57%
"Oh Lord" NF
57%
"Until Grace" Tauren Wells
57%
"Less Like Me" Zach Williams
57%
"Thrive" Casting Crowns
51%
"Cry Out To Jesus" Third Day
46%
"Only Name" Big Daddy Weave
31%
"Your Words" Third Day
29%
No matching quizzes found
Score Distribution
Percent of People with Each Score
Percentile by Number Answered
Your Score History
You have not taken this quiz